000 00739nam a2200253Ia 4500
003 GCL
008 140319s9999 xx 000 0 ara d
040 _aGCL /
_cGCL
082 0 4 _a301.413
_bم ت
100 1 _aمحمد عماد زكى
245 1 0 _aتحضير الطفل العربى للعام 2000 دراسة /
_cمحمد عماد زكى
260 _a[S.N] :
_bالهيئة المصرية العامة للكتاب ،
_c1990
300 _a175 ص
490 _a
650 0 4 _aالاسرة
650 0 4 _aالتربية
650 0 4 _aالاطفال
650 0 4 _aالوطن العربى
650 0 4 _aالاجتماع
650 0 4 _aتعليم
650 0 4 _aالمدارس
650 0 4 _aالرعاية
942 _2ddc
_cBK
999 _c32459
_d32459